[Event "World Blitz 2015"]
[Site "Berlin GER"]
[Date "2015.10.13"]
[Round "7.66"]
[White "Hirneise, Tobias"]
[Black "Motylev, Alexander"]
[Result "1/2-1/2"]
[WhiteTitle "IM"]
[BlackTitle "GM"]
[WhiteElo "2457"]
[BlackElo "2649"]
[WhiteFideId "24600881"]
[BlackFideId "4121830"]
[EventDate "2015.10.13"]

1. e4 c6 2. d4 d5 3. Nc3 dxe4 4. Nxe4 Bf5 5. Ng3 Bg6 6. Bc4 e6 7. N1e2 Bd6 8. h4
h6 9. Nf4 Bh7 10. Nfh5 Bxg3 11. Nxg3 Nf6 12. Bf4 Nbd7 13. Be2 O-O 14. c4 Re8 15.
O-O Qb6 16. Qd2 e5 17. dxe5 Nxe5 18. Qc3 Qc7 19. Rfe1 Re7 20. Rad1 Rae8 21. h5
Qb6 22. Be3 Qc7 23. Bf4 a5 24. b3 Re6 25. a3 b6 26. b4 axb4 27. axb4 Qe7 28. Kf1
Neg4 29. Bxg4 Nxg4 30. Rxe6 Qxe6 31. Kg1 b5 32. cxb5 cxb5 33. f3 Nf6 34. Qc5 Qb3
35. Rd2 Qa4 36. Kh2 Kh8 37. Re2 Rxe2 38. Nxe2 Qa6 39. Nd4 Qa8 40. Qxb5 Nd5 41.
Bg3 Ne3 42. Qe5 Nf1+ 43. Kg1 Nxg3 44. Qxg3 Qa1+ 45. Kh2 Qxd4 46. Qb8+ Bg8 47. b5
Qh4+ 48. Kg1 f6 49. b6 Kh7 50. b7 Bd5 51. Qc7 Qd4+ 52. Kh2 Qh4+ 53. Kg1 Qe1+ 54.
Kh2 Qh4+ 55. Kg1 Bxb7 56. Qxb7 Qxh5 57. Qe4+ Qg6 58. Qd5 h5 59. Qc5 Kh6 60. Qe3+
Qg5 61. Qe8 Qc5+ 62. Kh1 Qe5 63. Qc8 Kg5 64. Qd7 g6 65. Qc6 Kh4 66. Qb6 Kg3 67.
Qg1 Qe2 68. Qh2+ Kf2 69. Qg1+ Kg3 70. Qh2+ 1/2-1/2

[Event "World Blitz 2015"]
[Site "Berlin GER"]
[Date "2015.10.13"]
[Round "7.68"]
[White "Huzman, Alexander"]
[Black "Carow, Johannes"]
[Result "1/2-1/2"]
[WhiteTitle "GM"]
[BlackTitle "FM"]
[WhiteElo "2580"]
[BlackElo "2431"]
[WhiteFideId "2803828"]
[BlackFideId "24692050"]
[EventDate "2015.10.13"]

1. Nf3 c5 2. c4 b6 3. g3 Bb7 4. Bg2 Nf6 5. O-O g6 6. b3 Bg7 7. Bb2 O-O 8. Nc3
Nc6 9. d4 Nxd4 10. Nxd4 Bxg2 11. Kxg2 cxd4 12. Qxd4 d6 13. Rad1 Qd7 14. Qd3 Qb7+
15. f3 a6 16. a4 Rac8 17. e4 Nd7 18. Qb1 Nc5 19. Nd5 f5 20. exf5 Bxb2 21. Qxb2
Rxf5 22. Rfe1 e5 23. Re3 Rcf8 24. Rde1 b5 25. axb5 axb5 26. Qc2 bxc4 27. Qxc4
Kh8 28. Rc1 Ne6 29. Qc6 Qxc6 30. Rxc6 Nd4 31. Rxd6 Rxf3 32. Rxf3 Rxf3 33. b4 Rb3
34. Rd7 Rb2+ 35. Kh3 Rf2 36. Kg4 h6 37. Re7 Nf3 38. Kh3 h5 39. g4 h4 40. g5
Nxg5+ 41. Kxh4 Nh7 42. b5 Rxh2+ 43. Kg3 Rd2 44. Rd7 Ng5 45. b6 Ne4+ 46. Kf3 Nc5
47. Rd6 Kg7 48. Nc7 Rxd6 49. Ne8+ Kf8 50. Nxd6 Ke7 51. Ne4 Nb7 52. Kg4 Kd7 53.
Kg5 Kc6 54. Kxg6 Kxb6 55. Kf6 Kc6 1/2-1/2

[Event "World Blitz 2015"]
[Site "Berlin GER"]
[Date "2015.10.13"]
[Round "7.69"]
[White "Wagner, Dennis"]
[Black "Lagarde, Maxime"]
[Result "1-0"]
[WhiteTitle "GM"]
[BlackTitle "GM"]
[WhiteElo "2575"]
[BlackElo "2550"]
[WhiteFideId "24650684"]
[BlackFideId "662399"]
[EventDate "2015.10.13"]

1. d4 Nf6 2. c4 e6 3. Nf3 c5 4. d5 d6 5. Nc3 exd5 6. cxd5 g6 7. Bf4 Bg7 8. Qa4+
Bd7 9. Qb3 b5 10. Bxd6 Qb6 11. Be5 O-O 12. e3 c4 13. Qd1 b4 14. Ne2 Rc8 15. Qd4
Qxd4 16. Nexd4 Nxd5 17. Bxg7 Kxg7 18. Ne5 c3 19. bxc3 bxc3 20. Bc4 Nb6 21. Bxf7
Rc5 22. Nxd7 N8xd7 23. Bb3 Kf6 24. Ke2 a5 25. Rhc1 a4 26. Bd1 Nd5 27. Rab1 c2
28. Bxc2 Nc3+ 29. Kd2 Nxb1+ 30. Rxb1 Ra7 31. a3 Ne5 32. Rb6+ Kf7 33. Rb4 Nc4+
34. Ke2 Nxa3 35. Bxa4 g5 36. Bb3+ Ke8 37. Rb8+ Kd7 38. Rh8 Kd6 39. Rd8+ Ke7 40.
Rg8 Kd6 41. h3 Nb5 42. Ne6 Rc3 43. Nxg5 Rxb3 44. Ne4+ Kc6 45. Rc8+ Kb7 46. Rh8
Ra2+ 47. Kf3 Nd4+ 48. Kg3 Ne6 49. Re8 Nc7 50. Re7 h6 51. Nc5+ Kc6 52. Nxb3 Nd5
53. Nd4+ Kc5 54. Re6 h5 55. Rh6 Nc3 56. Rxh5+ Kc4 57. Re5 Kd3 58. h4 Ne4+ 59.
Rxe4 Kxe4 60. h5 Ke5 61. f3 Kf6 62. e4 Kg5 63. Nf5 Kxh5 64. f4 Ra3+ 65. Kf2 Kg4
66. g3 Rc3 67. Ne3+ Kh5 68. Kf3 Rc1 69. e5 Kg6 70. g4 Rc3 71. Ke4 Ra3 72. f5+
Kg5 73. e6 Kf6 74. Nd5+ Kg7 75. f6+ Kf8 76. g5 Ra1 77. Ke5 Re1+ 78. Kd6 Rd1 79.
g6 Rd2 80. g7+ Kg8 81. e7 Re2 82. Kd7 Kf7 83. g8=Q+ 1-0

[Event "World Blitz 2015"]
[Site "Berlin GER"]
[Date "2015.10.13"]
[Round "7.70"]
[White "Berend, Elvira"]
[Black "Papin, Vasily"]
[Result "0-1"]
[WhiteTitle "WGM"]
[BlackTitle "GM"]
[WhiteElo "2370"]
[BlackElo "2502"]
[WhiteFideId "4000510"]
[BlackFideId "4143183"]
[EventDate "2015.10.13"]

1. d4 Nf6 2. c4 e6 3. Nc3 Bb4 4. a3 Bxc3+ 5. bxc3 c5 6. e3 Nc6 7. Bd3 d6 8. Ne2
e5 9. Ng3 h5 10. d5 Na5 11. h3 b6 12. e4 h4 13. Nf1 Nh5 14. Nh2 Nf4 15. Bxf4
exf4 16. Nf3 Qf6 17. O-O O-O 18. Qd2 Nb3 19. Qc2 Nxa1 20. Rxa1 Re8 21. Qd2 Bd7
22. Re1 Rab8 23. Rb1 a6 24. Nh2 b5 25. cxb5 axb5 26. Qe2 c4 27. Bc2 Qxc3 28. Nf3
Qf6 29. Qd2 Ra8 30. Qb4 Ra7 31. Re1 g5 32. e5 dxe5 33. Nd2 Bf5 34. Bxf5 Qxf5 35.
Ne4 Rd8 36. Qxb5 Rad7 37. d6 f3 38. Qxc4 fxg2 39. a4 Qxh3 40. Nf6+ Kg7 41. Nh5+
Kh6 42. Ng3 hxg3 0-1

[Event "World Blitz 2015"]
[Site "Berlin GER"]
[Date "2015.10.13"]
[Round "7.71"]
[White "Van Foreest, Jorden"]
[Black "Savchenko, Boris"]
[Result "0-1"]
[WhiteTitle "IM"]
[BlackTitle "GM"]
[WhiteElo "2548"]
[BlackElo "2567"]
[WhiteFideId "1039784"]
[BlackFideId "4147332"]
[EventDate "2015.10.13"]

1. e4 e6 2. d4 d5 3. Nd2 c5 4. Ngf3 Nf6 5. exd5 exd5 6. Bb5+ Bd7 7. Bxd7+ Nbxd7
8. O-O Be7 9. dxc5 Nxc5 10. Nb3 Nce4 11. Nbd4 Nd6 12. b3 Nfe4 13. Bb2 Bf6 14.
Qd3 Rc8 15. Rad1 O-O 16. Ba1 Qa5 17. a4 Rfe8 18. Rfe1 a6 19. h3 h6 20. Re3 Qc5
21. Bb2 Re7 22. Ra1 Qb6 23. a5 Qd8 24. Ra4 Nc5 25. Qe2 Rxe3 26. Qxe3 Nxa4 27.
bxa4 Nc4 28. Qb3 Nxa5 29. Qb4 Nc4 30. Bc3 Qb6 31. Nf5 Qxb4 32. Bxb4 a5 33. Be1
Kh7 34. g4 b6 35. Kg2 Nb2 0-1

[Event "World Blitz 2015"]
[Site "Berlin GER"]
[Date "2015.10.13"]
[Round "7.72"]
[White "Olafsson, Helgi"]
[Black "Van Wely, Loek"]
[Result "0-1"]
[WhiteTitle "GM"]
[BlackTitle "GM"]
[WhiteElo "2549"]
[BlackElo "2632"]
[WhiteFideId "2300010"]
[BlackFideId "1000268"]
[EventDate "2015.10.13"]

1. Nf3 d5 2. d4 Nf6 3. c4 e6 4. Nc3 dxc4 5. e4 Bb4 6. Bg5 c5 7. e5 cxd4 8. Nxd4
Bxc3+ 9. bxc3 Qa5 10. exf6 Qxg5 11. fxg7 Qxg7 12. Qd2 O-O 13. Bxc4 Rd8 14. Qe3
Bd7 15. O-O Nc6 16. Rad1 Ne5 17. Be2 Rac8 18. f4 Bc6 19. Qh3 Nd7 20. f5 Nc5 21.
Rf4 Kh8 22. Rdf1 Rg8 23. Rg4 Qe5 24. fxe6 Rxg4 25. Bxg4 Nxe6 26. Rxf7 Ng5 27.
Qh4 0-1

[Event "World Blitz 2015"]
[Site "Berlin GER"]
[Date "2015.10.13"]
[Round "7.73"]
[White "Jumabayev, Rinat"]
[Black "Richter, Michael"]
[Result "1-0"]
[WhiteTitle "GM"]
[BlackTitle "GM"]
[WhiteElo "2606"]
[BlackElo "2517"]
[WhiteFideId "13702661"]
[BlackFideId "4618920"]
[EventDate "2015.10.13"]

1. d4 d5 2. c4 e6 3. Nf3 c6 4. g3 dxc4 5. Bg2 Nf6 6. a4 Nbd7 7. O-O Be7 8. Na3
Bxa3 9. bxa3 O-O 10. Qc2 Qe7 11. Bb2 b6 12. Qxc4 Bb7 13. a5 bxa5 14. Bc3 Nb6 15.
Qa2 c5 16. Bxa5 Rfc8 17. dxc5 Qxc5 18. Bb4 Qc4 19. Qxc4 Nxc4 20. Rfc1 Nd5 21.
Be1 h6 22. Nd4 Ncb6 23. Nb5 Ba6 24. Nd4 Rxc1 25. Rxc1 Rc8 26. Rxc8+ Bxc8 27. Nc6
Bd7 28. Nxa7 Nc4 29. Bb4 f6 30. Bf1 Nxb4 31. axb4 Nb6 32. Bg2 Kf7 33. Nc6 Nd5
34. Bxd5 exd5 35. Nd4 Ke7 36. f3 Kd6 37. Kf2 g6 38. Ke3 Ba4 39. Kd3 f5 40. Ke3
Bd7 41. Nc2 Ba4 42. Ne1 Bb5 43. Nd3 Bc4 44. Kd4 g5 45. e3 Kc6 46. Ne5+ Kb5 47.
Nf7 h5 48. Nxg5 Kxb4 49. Ne6 Be2 50. f4 Kb3 51. Ng7 Bg4 52. Kxd5 Kc3 53. Ke5 Kd3
54. Nxf5 Ke2 55. e4 Kf2 56. Ng7 Kg1 57. h3 Bxh3 58. Nxh5 Kf2 59. f5 Bg4 60. Nf6
Bd1 61. g4 Kg3 62. g5 1-0

[Event "World Blitz 2015"]
[Site "Berlin GER"]
[Date "2015.10.13"]
[Round "7.74"]
[White "Romanov, Evgeny"]
[Black "Rabiega, Robert"]
[Result "1-0"]
[WhiteTitle "GM"]
[BlackTitle "GM"]
[WhiteElo "2573"]
[BlackElo "2503"]
[WhiteFideId "4148843"]
[BlackFideId "4601475"]
[EventDate "2015.10.13"]

1. c4 e6 2. g3 d5 3. Bg2 Nf6 4. Nf3 dxc4 5. Qa4+ Nbd7 6. Qxc4 a6 7. Qb3 c5 8. a4
Bd6 9. a5 Rb8 10. O-O O-O 11. d3 Bc7 12. Bd2 Nd5 13. e4 Ne7 14. Bc3 Nc6 15. Qa4
Nde5 16. Nxe5 Bxe5 17. Rd1 Bd7 18. Qc4 Bd4 19. Nd2 Ne5 20. Qb3 Bb5 21. Nc4 Nc6
22. Be1 Qf6 23. Rab1 Rfd8 24. Qc2 Rbc8 25. h4 h6 26. Qe2 Qe7 27. Rbc1 Qc7 28.
Nb6 Rb8 29. b4 cxb4 30. Bxb4 Bxb6 31. axb6 Qxb6 32. Bc3 Nd4 33. Qh5 Rbc8 34. Kh2
Ba4 35. Ba5 Bxd1 36. Rxd1 Qb5 37. Qxb5 Nxb5 38. Bxd8 Rxd8 39. e5 Rd7 40. f4 g6
41. Kg1 Kf8 42. Kf2 Ke7 43. Ke3 h5 44. Rc1 Kd8 45. Bf3 Rc7 46. Rb1 Kc8 47. g4
hxg4 48. Bxg4 Nc3 49. Rf1 Nd5+ 50. Kd2 a5 51. h5 gxh5 52. Bxh5 Nb4 53. f5 Kd8
54. f6 Rc2+ 55. Ke3 Rc3 56. Bxf7 Rxd3+ 57. Ke4 Rd2 58. Bxe6 Re2+ 59. Kf5 Nc6 60.
Rd1+ Kc7 61. Rd5 a4 62. f7 a3 63. Kf6 Rf2+ 64. Bf5 a2 65. f8=Q a1=Q 66. Qd6+ Kb6
67. Qc5+ Ka6 68. Qxf2 1-0

[Event "World Blitz 2015"]
[Site "Berlin GER"]
[Date "2015.10.13"]
[Round "7.75"]
[White "Bok, Benjamin"]
[Black "Seel, Christian"]
[Result "1-0"]
[WhiteTitle "GM"]
[BlackTitle "IM"]
[WhiteElo "2591"]
[BlackElo "2474"]
[WhiteFideId "1017063"]
[BlackFideId "4663098"]
[EventDate "2015.10.13"]

1. e4 e5 2. Nf3 d6 3. d4 exd4 4. Nxd4 Nf6 5. Nc3 Be7 6. g3 Nc6 7. Bg2 O-O 8. O-O
Nxd4 9. Qxd4 Be6 10. Bf4 Qd7 11. Rad1 Rfe8 12. e5 dxe5 13. Qxe5 Bd6 14. Qd4 Bxf4
15. Qxf4 Qc8 16. Nb5 Re7 17. Rfe1 c6 18. Nd4 Qe8 19. Nxe6 Rxe6 20. Rxe6 Qxe6 21.
Qc7 Qc8 22. Qe7 Rb8 23. Bf1 Qe8 24. Qc7 Qc8 25. Qe7 Qe8 26. Qc7 Qc8 27. Qa5 Ra8
28. Bc4 h6 29. Qe5 Qg4 30. Rd4 Qc8 31. Qe7 Qe8 32. Qxb7 Rb8 33. Bxf7+ 1-0

[Event "World Blitz 2015"]
[Site "Berlin GER"]
[Date "2015.10.13"]
[Round "7.76"]
[White "Piorun, Kacper"]
[Black "Grandelius, Nils"]
[Result "1/2-1/2"]
[WhiteTitle "GM"]
[BlackTitle "GM"]
[WhiteElo "2609"]
[BlackElo "2647"]
[WhiteFideId "1130420"]
[BlackFideId "1710400"]
[EventDate "2015.10.13"]

1. Nf3 d5 2. g3 g6 3. Bg2 Bg7 4. O-O e5 5. d3 Ne7 6. Nc3 O-O 7. e4 Nbc6 8. exd5
Nxd5 9. Bg5 Nde7 10. Qc1 Be6 11. a3 f6 12. Bd2 Qd7 13. Re1 Rad8 14. b4 Nf5 15.
Ne4 b6 16. Bc3 Ncd4 17. Nfd2 Bd5 18. a4 Qf7 19. Qb2 g5 20. h3 h5 21. b5 Kh8 22.
Bb4 Rfe8 23. c3 Ne6 24. a5 Qd7 25. axb6 axb6 26. Qc2 Ba8 27. Qd1 Qf7 28. Ra7
Rxd3 29. Qc2 Rdd8 30. Nc4 Nh6 31. Ncd6 Qg6 32. Nxe8 Rxe8 33. Qd2 f5 34. Rea1
Bxe4 35. Bxe4 fxe4 36. Ra8 Kh7 37. Rxe8 Qxe8 38. Qd5 Qg6 39. Re1 e3 40. Rxe3 g4
41. h4 Nf7 42. Qe4 Qxe4 43. Rxe4 Kg6 44. Kf1 Kf5 45. Re1 Bf8 46. Bxf8 Nxf8 47.
Ra1 Nd6 48. Ra8 Ne6 49. Rh8 Kg6 50. Rg8+ Ng7 51. Ke2 Nxb5 52. Kd3 Nd6 53. Ra8
Kf6 54. Ra7 Ne6 55. Ra8 e4+ 56. Ke3 Ke5 57. Rh8 Nf5+ 58. Ke2 Nfg7 59. Ke3 c6 60.
Rc8 Kd5 61. c4+ Ke5 62. Rxc6 Nf5+ 63. Kd2 e3+ 64. Ke1 Ned4 65. Rxb6 Nf3+ 66. Kf1
Nd2+ 67. Ke1 Nxc4 68. Rb4 Kd4 69. fxe3+ Nxe3 70. Rb5 Ne5 71. Kf2 Nd5 72. Rb8
Nd3+ 73. Ke2 Ne5 74. Rh8 Nf6 75. Rh6 Ned7 76. Rh8 Ke5 77. Kf2 Nc5 78. Ra8 Nce4+
79. Kg2 Nd5 80. Ra3 Kd4 81. Ra4+ Kd3 82. Ra3+ Ke2 83. Ra2+ Nd2 84. Ra5 Ne3+ 85.
Kh2 Ndf1+ 86. Kg1 Nxg3 87. Ra2+ Kf3 88. Rf2+ Ke4 89. Rf8 Nef5 90. Rh8 Ne2+ 91.
Kf2 Nf4 92. Rh7 Ng6 93. Rxh5 g3+ 94. Ke1 Ngxh4 95. Kf1 Ne3+ 96. Ke2 Neg2 97. Rg5
Nf4+ 98. Kd1 Nf5 99. Rxg3 Nxg3 1/2-1/2

[Event "World Blitz 2015"]
[Site "Berlin GER"]
[Date "2015.10.13"]
[Round "7.77"]
[White "Ladva, Ottomar"]
[Black "Fedorchuk, Sergey A."]
[Result "1-0"]
[WhiteTitle "IM"]
[BlackTitle "GM"]
[WhiteElo "2423"]
[BlackElo "2635"]
[WhiteFideId "4500024"]
[BlackFideId "14102536"]
[EventDate "2015.10.13"]

1. d4 Nf6 2. c4 e6 3. Nc3 Bb4 4. Qc2 d6 5. e3 Nbd7 6. Bd3 Bxc3+ 7. Qxc3 b6 8.
Nf3 Bb7 9. b4 O-O 10. O-O a5 11. a3 Qe7 12. Bb2 Ne4 13. Qc2 f5 14. d5 exd5 15.
cxd5 Bxd5 16. Bc4 Ndf6 17. Nd4 Bxc4 18. Qxc4+ d5 19. Qc6 Nd2 20. Rfd1 Nc4 21.
Bc3 Qe4 22. Qxc7 Rac8 23. Qf4 Qxf4 24. exf4 Ne4 25. Be1 a4 26. f3 Ned6 27. b5
Rfe8 28. Bb4 g6 29. Nc6 Nxb5 30. Ne7+ Rxe7 31. Bxe7 Nc3 32. Re1 d4 33. Bf6 Nb5
34. Re7 Rc6 35. Bg5 Nbd6 36. Rd1 d3 37. Rxd3 b5 38. Rd5 b4 39. axb4 a3 40. Re2
Nb2 41. Ra5 Rc1+ 42. Kf2 Nd3+ 43. Kg3 h6 44. Ra8+ Kg7 45. Re7+ Nf7 46. Bxh6+
Kxh6 47. Rxf7 g5 48. Ra6+ Kh5 49. Rh7# 1-0

[Event "World Blitz 2015"]
[Site "Berlin GER"]
[Date "2015.10.13"]
[Round "7.78"]
[White "Halkias, Stelios"]
[Black "Pham, Le Thao Nguyen"]
[Result "1-0"]
[WhiteTitle "GM"]
[BlackTitle "IM"]
[WhiteElo "2534"]
[BlackElo "2319"]
[WhiteFideId "4201809"]
[BlackFideId "12401226"]
[EventDate "2015.10.13"]

1. Nf3 d5 2. d4 Nf6 3. c4 c6 4. Nc3 dxc4 5. a4 Bf5 6. Ne5 Nbd7 7. Nxc4 Qc7 8. g3
e5 9. dxe5 Nxe5 10. Bf4 Nfd7 11. Bg2 f6 12. O-O Nc5 13. Ne3 Bg6 14. b4 Ne6 15.
b5 Rd8 16. Qb3 Nd4 17. Qb2 Bc5 18. Ne4 Bxe4 19. Bxe4 O-O 20. bxc6 bxc6 21. Qa2+
Kh8 22. Rfc1 Qe7 23. Nf5 Nxf5 24. Bxf5 Bd4 25. Rab1 c5 26. e3 Nf3+ 27. Kg2 g6
28. Qe6 Qg7 29. Kxf3 gxf5 30. exd4 Qg4+ 31. Kg2 cxd4 32. Rc7 d3 33. Rbb7 Qg6 34.
Qe7 d2 35. Qxh7+ 1-0

[Event "World Blitz 2015"]
[Site "Berlin GER"]
[Date "2015.10.13"]
[Round "7.79"]
[White "Teske, Henrik"]
[Black "Rasmussen, Allan Stig"]
[Result "1-0"]
[WhiteTitle "GM"]
[BlackTitle "GM"]
[WhiteElo "2475"]
[BlackElo "2498"]
[WhiteFideId "4611500"]
[BlackFideId "1406000"]
[EventDate "2015.10.13"]

1. c4 e5 2. Nc3 Nc6 3. Nf3 f5 4. d3 Nf6 5. g3 Bb4 6. Bg2 O-O 7. O-O Bxc3 8. bxc3
d6 9. a4 Qe8 10. a5 a6 11. c5 d5 12. Qb3 e4 13. Nd4 Ne5 14. dxe4 fxe4 15. Bxe4
Nxe4 16. Qxd5+ Nf7 17. Bf4 c6 18. Qc4 Bh3 19. Rfb1 g5 20. Be3 Qe7 21. f3 Nxg3
22. Kf2 Rae8 23. Bd2 Nf5 24. Bxg5 Qe5 25. Rxb7 Qxh2+ 26. Ke1 Nxd4 27. cxd4 Qg1+
28. Kd2 Qxg5+ 29. Kc2 Bf5+ 30. e4 Qg2+ 31. Kb1 Bxe4+ 32. fxe4 Rxe4 33. Rb2 Re1+
34. Ka2 Rxa1+ 35. Kxa1 Qg1+ 36. Ka2 Kh8 37. Rd2 Ng5 38. Qxa6 Ne4 39. Rb2 Qxd4
40. Qxc6 Nc3+ 41. Ka3 Qd3 42. Rb3 Qc2 43. Qd6 Qf2 44. Qe5+ Kg8 45. Qxc3 Rf5 46.
Qg3+ Qxg3 47. Rxg3+ Kf7 48. Kb4 h5 49. a6 h4 50. Rg1 Rf2 51. Ra1 Rb2+ 52. Kc4
Rb8 53. Kd5 h3 54. Kc6 h2 55. a7 Ra8 56. Kb7 Rh8 57. Rh1 Ke6 58. a8=Q 1-0

[Event "World Blitz 2015"]
[Site "Berlin GER"]
[Date "2015.10.13"]
[Round "7.80"]
[White "Carlstedt, Jonathan"]
[Black "Nielsen, Peter Heine"]
[Result "0-1"]
[WhiteTitle "IM"]
[BlackTitle "GM"]
[WhiteElo "2442"]
[BlackElo "2654"]
[WhiteFideId "24614386"]
[BlackFideId "1400355"]
[EventDate "2015.10.13"]

1. c4 Na6 2. g3 c6 3. Bg2 d5 4. Nf3 Nf6 5. O-O g6 6. b3 Bg7 7. Bb2 O-O 8. d3 b6
9. Nbd2 Bb7 10. a3 Nc7 11. e4 e6 12. cxd5 cxd5 13. e5 Nd7 14. d4 a5 15. h4 Rc8
16. h5 Ba6 17. Re1 Bd3 18. Re3 Bf5 19. Nh4 Nb5 20. Nxf5 gxf5 21. f4 Kh8 22. Kf2
Rg8 23. Rc1 Bf8 24. a4 Na7 25. Nf3 h6 26. Rec3 Rxc3 27. Rxc3 Bb4 28. Rc2 Qb8 29.
Bf1 Rc8 30. Ba6 Rxc2+ 31. Qxc2 Kg7 32. Nh4 Be7 33. Nxf5+ exf5 34. Qxf5 Qc7 35.
Bd3 Nf8 36. g4 Qd7 37. Qxd7 Nxd7 38. Kf3 Nc6 39. Bb5 Ndb8 40. Bc1 0-1

[Event "World Blitz 2015"]
[Site "Berlin GER"]
[Date "2015.10.13"]
[Round "7.81"]
[White "Cordeiro, Marco Aurelio Zaror"]
[Black "Godena, Michele"]
[Result "0-1"]
[BlackTitle "GM"]
[WhiteElo "2228"]
[BlackElo "2513"]
[WhiteFideId "2117991"]
[BlackFideId "800090"]
[EventDate "2015.10.13"]

1. e4 e5 2. Nf3 Nc6 3. Bb5 a6 4. Ba4 Nf6 5. O-O b5 6. Bb3 Bc5 7. Nxe5 Nxe5 8. d4
Bxd4 9. Qxd4 d6 10. a4 c5 11. Qd1 c4 12. Ba2 Bb7 13. f3 Qb6+ 14. Kh1 O-O 15. Bg5
d5 16. Bxf6 Qxf6 17. exd5 Rad8 18. Nc3 b4 19. Ne4 Qb6 20. c3 Bxd5 21. Qe2 b3 22.
Bb1 Rfe8 23. Rd1 Bb7 24. a5 Qh6 25. Ra4 Rxd1+ 26. Qxd1 Qe3 27. Qf1 Rd8 28. Ra1
h6 29. Ng3 g6 30. Be4 Bxe4 31. Nxe4 Nd3 32. h3 f5 33. Nf6+ Kf7 34. Ra4 Kxf6 35.
Rxc4 Nxb2 36. Rc6+ Kg7 37. Qxa6 Rd1+ 38. Kh2 Qf4+ 39. g3 Qd2+ 0-1

[Event "World Blitz 2015"]
[Site "Berlin GER"]
[Date "2015.10.13"]
[Round "7.82"]
[White "Naumann, Alexander"]
[Black "Vogel, Roven"]
[Result "0-1"]
[WhiteTitle "GM"]
[WhiteElo "2545"]
[BlackElo "2417"]
[WhiteFideId "4623169"]
[BlackFideId "12908088"]
[EventDate "2015.10.13"]

1. d4 Nf6 2. c4 e6 3. g3 c5 4. d5 exd5 5. cxd5 d6 6. Nc3 g6 7. Bg2 Bg7 8. Nf3
O-O 9. O-O Re8 10. Bf4 Ne4 11. Nxe4 Rxe4 12. Nd2 Rxf4 13. gxf4 Bxb2 14. Rb1 Bg7
15. Nc4 b6 16. a4 Ba6 17. Qc2 Qe7 18. Rfe1 Nd7 19. e4 Qh4 20. Nxd6 Qxf4 21. Nb5
Ne5 22. Qb3 Rd8 23. Qg3 Qd2 24. Rbd1 Qa2 25. f4 Nc4 26. Nc7 Bc8 27. e5 Qxa4 28.
d6 a5 29. Nd5 Be6 30. Kh1 Qd7 31. Ne7+ Kh8 32. Bc6 Qa7 33. Bd5 a4 34. Bxe6 fxe6
35. Nc6 Qa8 36. Qg2 Rd7 37. Ra1 b5 38. Reb1 Nxd6 39. exd6 Bxa1 40. Rxa1 Rxd6 41.
Ne5 Qxg2+ 42. Kxg2 Rd2+ 43. Kf3 Rxh2 44. Rc1 c4 45. Rb1 Rh3+ 46. Ke4 Rb3 47. Rd1
a3 48. Rd8+ Kg7 49. Rd7+ Kg8 50. Ra7 c3 51. Kd3 b4 52. Nd7 h5 53. Nf6+ Kf8 54.
Nd7+ Ke8 55. Nf6+ Kd8 56. Ne4 Rb2 57. Nc5 c2 58. Kd2 a2 59. Nd3 c1=Q+ 60. Kxc1
Rb1+ 61. Kc2 a1=Q 0-1

[Event "World Blitz 2015"]
[Site "Berlin GER"]
[Date "2015.10.13"]
[Round "7.83"]
[White "Hilverda, Alexander"]
[Black "Maze, Sebastien"]
[Result "0-1"]
[BlackTitle "GM"]
[WhiteElo "2384"]
[BlackElo "2582"]
[WhiteFideId "4695437"]
[BlackFideId "613762"]
[EventDate "2015.10.13"]

1. d4 Nf6 2. c4 g6 3. Nc3 Bg7 4. e4 d6 5. Nf3 O-O 6. Be2 Nbd7 7. O-O e5 8. Re1
Qe7 9. Bf1 c6 10. d5 c5 11. a3 h6 12. b4 b6 13. Na4 Nh5 14. Rb1 f5 15. bxc5 Nxc5
16. Nxc5 bxc5 17. Nd2 Nf6 18. Bd3 Qf7 19. Qa4 fxe4 20. Bxe4 Bf5 21. f3 Rab8 22.
Bb2 Rb7 23. Bc3 Nxe4 24. fxe4 Bg4 25. h3 Qf2+ 26. Kh1 Rxb1 27. Rxb1 Bxh3 28. Rg1
Qh4 29. Nf1 Bd7+ 0-1

[Event "World Blitz 2015"]
[Site "Berlin GER"]
[Date "2015.10.13"]
[Round "7.84"]
[White "Schmaltz, Roland"]
[Black "Polzin, Rainer"]
[Result "1-0"]
[WhiteTitle "GM"]
[BlackTitle "GM"]
[WhiteElo "2504"]
[BlackElo "2416"]
[WhiteFideId "4614054"]
[BlackFideId "4610741"]
[EventDate "2015.10.13"]

1. e4 g6 2. d4 Bg7 3. Nc3 d6 4. Be3 a6 5. a4 Nd7 6. Nf3 c5 7. d5 Bxc3+ 8. bxc3
Ngf6 9. Nd2 O-O 10. Be2 Re8 11. O-O e6 12. dxe6 Rxe6 13. Bg5 Qe8 14. Bd3 b6 15.
f3 Bb7 16. Rb1 d5 17. c4 dxe4 18. Nxe4 Nxe4 19. fxe4 Bxe4 20. Qg4 f5 21. Qg3 Rc8
22. h3 Rcc6 23. Rf2 Bxd3 24. cxd3 Re1+ 25. Rf1 Rxb1 26. Rxb1 Re6 27. Bf4 Nf6 28.
Bc7 Nh5 29. Qf3 Qxa4 30. Qd5 Ng7 31. Rxb6 Qd1+ 32. Kh2 Qe2 33. Rb8+ Kf7 34. Bd6
Ne8 35. Rb7+ Kf6 36. Bxc5 Qe5+ 37. Qxe5+ Kxe5 38. d4+ Ke4 39. d5 Rf6 40. Re7+
Kd3 41. Rxe8 Kxc4 42. Be7 Rb6 43. d6 Rb7 44. Ra8 Kd5 45. Rxa6 Ke6 46. Rc6 Kd7
47. Rc4 h5 48. h4 1-0

[Event "World Blitz 2015"]
[Site "Berlin GER"]
[Date "2015.10.13"]
[Round "7.85"]
[White "Lagunow, Raphael"]
[Black "Guliyev, Namig"]
[Result "0-1"]
[BlackTitle "GM"]
[WhiteElo "2164"]
[BlackElo "2579"]
[WhiteFideId "24652644"]
[BlackFideId "13400363"]
[EventDate "2015.10.13"]

1. e4 c5 2. c3 d5 3. exd5 Qxd5 4. d4 Nf6 5. Nf3 e6 6. Be2 Nc6 7. O-O Be7 8. Be3
cxd4 9. cxd4 O-O 10. Nc3 Qd6 11. Qb3 b6 12. Rfd1 Bb7 13. Rac1 Na5 14. Qb5 a6 15.
Qe5 Qd8 16. Na4 Nd5 17. Qg3 Rc8 18. Rxc8 Qxc8 19. Rc1 Qb8 20. Ne5 Rc8 21. Rxc8+
Qxc8 22. Bd3 g6 23. Qf3 f6 24. Ng4 f5 25. Ne5 Qc7 26. Bd2 Nc6 27. Nxc6 Bxc6 28.
Qe2 Kf7 29. Nc3 b5 30. h3 Nxc3 31. Bxc3 Bd5 32. a3 Bf6 33. Qe3 g5 34. Bb4 a5 35.
Bc5 Qc6 36. f3 b4 37. axb4 axb4 38. Bxb4 Qa4 39. Bc3 Qd1+ 40. Kh2 f4 41. Qe2
Qxe2 42. Bxe2 Ke7 43. Bd3 h6 44. Kg1 Kd6 45. Kf2 Kc6 46. Ke2 Bb3 47. Kd2 Kb6 48.
Bc2 Bd5 49. Be4 Bc4 50. Kc2 Bf1 51. d5 Bxc3 52. bxc3 exd5 53. Bxd5 Bxg2 54. Kd3
Kc5 55. Bb7 Bxh3 56. Ba8 Bg2 57. Be4 h5 58. Ke2 g4 59. Kf2 Bh3 60. fxg4 hxg4 61.
Bd3 g3+ 62. Kf3 Bg4+ 63. Kg2 Kd5 64. Bf1 Ke4 65. Bb5 Ke3 66. Bc6 Bf5 67. Bb5
Be4+ 68. Kg1 f3 69. Ba6 g2 70. Kh2 f2 0-1

[Event "World Blitz 2015"]
[Site "Berlin GER"]
[Date "2015.10.13"]
[Round "7.86"]
[White "Pavlovic, Milos"]
[Black "Bruedigam, Martin"]
[Result "0-1"]
[WhiteTitle "GM"]
[BlackTitle "FM"]
[WhiteElo "2481"]
[BlackElo "2375"]
[WhiteFideId "900389"]
[BlackFideId "24608033"]
[EventDate "2015.10.13"]

1. d4 Nf6 2. c3 d5 3. Bf4 c5 4. e3 Nc6 5. Nd2 e6 6. Bd3 Bd6 7. Bxd6 Qxd6 8. f4
cxd4 9. cxd4 b6 10. Rc1 O-O 11. g4 Nb4 12. Bb1 Ba6 13. g5 Ne4 14. Nxe4 dxe4 15.
Bxe4 Rac8 16. Rxc8 Rxc8 17. Ne2 Nxa2 18. Qd2 Nb4 19. Nc3 Bc4 20. Kf2 Nd5 21. Rc1
g6 22. Bf3 Qd7 23. Ne4 a5 24. h4 a4 25. h5 b5 26. h6 b4 27. Qxb4 Nxb4 28. Nf6+
Kh8 29. Nxd7 Nd3+ 30. Kg3 Nxc1 31. Ne5 Rc7 32. Bc6 Nd3 33. Bxa4 Nxe5 34. fxe5
Rb7 0-1